| 000 | 01876cam a22005054i 4500 | ||
|---|---|---|---|
| 003 | PE-LiUPU | ||
| 005 | 20250731165648.0 | ||
| 008 | 150616s r 000 0 d | ||
| 020 | _a0195112156 | ||
| 035 | _a(Sirsi) i9780195112153 | ||
| 040 |
_aPE-LiUPU _bspa _cPE-LiUPU _erda |
||
| 049 | _aPRUA | ||
| 082 | 0 | 4 |
_a913.095603e _bA15 _221 |
| 100 | 1 |
_aMeyers, Eric M., _eautor. |
|
| 245 | 1 | 4 |
_aThe Orford Encyclopedia of Archaeology in the Near East. _n1. |
| 264 | 1 |
_aNew York : _bOxford University Press, Inc., _c1997. |
|
| 300 |
_a492 páginas : _bil ; _c29 centímetros |
||
| 336 |
_atext _2rdacontent |
||
| 337 |
_aunmediated _2rdamedia |
||
| 338 |
_avolume _2rdacarrier |
||
| 504 | _aBibliografía al final de cada palabra. | ||
| 505 | 0 | _aThe Oxford encyclopedia of archaeology in the near east.- Appendix 1: egiptian Aramaic Texts.- Appendix 2: chronologies.- Appendix 3: maps. | |
| 526 | _aSEG44 | ||
| 526 | _aSEG26 | ||
| 526 | _aP151 | ||
| 526 | _aP150 | ||
| 526 | _aP149 | ||
| 526 | _aP146 | ||
| 526 | _aP145 | ||
| 526 | _aP126 | ||
| 526 | _aP125 | ||
| 526 | _aP92 | ||
| 526 | _aP75 | ||
| 526 | _aP74 | ||
| 526 | _aP27 | ||
| 526 | _aP15 | ||
| 650 | 0 | 4 | _aARQUEOLOGIA - CERCANO ORIENTE - ENCICLOPEDIAS (A-CHUE). |
| 910 |
_ajck _bjvq _cjck |
||
| 942 |
_2ddc _cBOOK |
||
| 949 |
_aRC 913.095603E A15 1 _wDEWEY _c1 _i42952 _lCCODEBUL1 _mBUL _r0 _sY _tBOOK _u2015-6-16 _xTEOLOGIA _zUNKNOWN _0COMPRA _o.CIRCNOTE. No olvidar cambiar la fecha de devolución!!!!!!! _o.STAFF. Colección General |
||
| 994 |
_aC0 _bPEPRU |
||
| 596 | _a1 | ||
| 999 |
_aRC 913.095603E A15 1 _wDEWEY _c60920 _i42952 _f2021-11-8 _g5 _lCCODEBUL1 _mBUL _r1 _sY _tBOOK _u2015-6-16 _xTEOLOGIA _zUNKNOWN _0COMPRA _o.CIRCNOTE. No olvidar cambiar la fecha de devolución!!!!!!! _o.STAFF. Colección General _d60920 |
||
| 980 |
_81 _gALBERTO SANCHEZ Responsable de Automatización |
||